De olmecas y mayas /
Guía turística audiovisual que presenta un recorrido por los principales atractivos arqueológicos y ecológicos del estado mexicano de Tabasco, que alberga los más importantes vestigios de la civilización olmeca y también sitios de interés de las culturas maya y zoque, desarrollada a partir de una ad...
محفوظ في:
| المؤلف الرئيسي: | |
|---|---|
| مؤلفون آخرون: | , , , , , , , |
| التنسيق: | |
| اللغة: | الإسبانية |
| منشور في: |
México :
C/Producciones,
2001, c2001
México : C/Producciones [distribución], copyright fecha no identificada |
| سلاسل: | (Ciudades del México Antiguo)
|
| الموضوعات: | |
| الوسوم: |
لا توجد وسوم, كن أول من يضع وسما على هذه التسجيلة!
|
MARC
| LEADER | 00000ngm^a2200000^a^4500 | ||
|---|---|---|---|
| 001 | 000187431 | ||
| 005 | 20250521000000.0 | ||
| 009 | 20260310102301.643 | ||
| 037 | |a Acervo ITESO - Biblioteca | ||
| 041 | |a ESP | ||
| 082 | |a 917. 204 |b INF | ||
| 100 | |a Infante, Gonzalo |e (realización) | ||
| 245 | 1 | 0 | |a De olmecas y mayas / |c Realización de G. Infante. |
| 264 | 4 | |a México : |b C/Producciones, |c 2001, c2001 | |
| 264 | 4 | |a México : |b C/Producciones [distribución], |c copyright fecha no identificada | |
| 300 | |a 1 DVD multirregión |c (46 min.) | ||
| 336 | |a imagen móvil bidimensional |b tdi |2 rdacontenido | ||
| 337 | |a video |b v |2 rdamedio | ||
| 338 | |a videodisco |b vd |2 rdasoporte | ||
| 440 | 1 | |a (Ciudades del México Antiguo) | |
| 500 | |a Basado en: Carlos Pellicer | ||
| 520 | |a Guía turística audiovisual que presenta un recorrido por los principales atractivos arqueológicos y ecológicos del estado mexicano de Tabasco, que alberga los más importantes vestigios de la civilización olmeca y también sitios de interés de las culturas maya y zoque, desarrollada a partir de una adaptación de textos del poeta tabasqueño Carlos Pellicer (1897-1977), quien funge como un imaginario conductor del viaje. Es una producción audiovisual correspondiente a una segunda etapa de la serie Ciudades del México antiguo, cuando su producción ya fue asumida completamente por la compañía C/Producciones, sin la participación de entidades estatales. | ||
| 649 | |a XX | ||
| 650 | |a Escritores Mexicanos | ||
| 650 | |a Guías Turísticas | ||
| 650 | |a Tabasco - |x Descripción - |x Guías Turísticas - |x Tema Principal | ||
| 650 | |a México - |x Descripción - |x Guías Turísticas | ||
| 650 | |a Escultura Olmeca - |z Tabasco - |x Historia y Crítica | ||
| 650 | |a Escultura Olmeca - |x Historia y Crítica | ||
| 650 | |a Escultura Prehispánica - |z Tabasco - |x Historia y Crítica | ||
| 650 | |a Escultura Prehispánica - |z México - |x Historia y Crítica | ||
| 650 | |a Escultura Prehispánica - |x Historia y Crítica | ||
| 650 | |a Escultura Mexicana - |x Historia y Crítica | ||
| 650 | |a Arte Olmeca - |z Tabasco - |x Historia y Crítica | ||
| 650 | |a Arte Olmeca - |x Historia y Crítica | ||
| 650 | |a Arte Prehispánico - |z Tabasco - |x Historia y Crítica | ||
| 650 | |a Arte Prehispánico - |z México - |x Historia y Crítica | ||
| 650 | |a Arte Prehispánico - |x Historia y Crítica | ||
| 650 | |a Arte Mexicano - |x Historia y Crítica | ||
| 650 | |a Poesía Mexicana | ||
| 650 | |a Literatura Mexicana - |y Siglo XX | ||
| 650 | |a Turismo Cultural - |z Tabasco | ||
| 650 | |a Turismo Cultural - |z México | ||
| 650 | |a Ecoturismo - |z Tabasco | ||
| 650 | |a Ecoturismo - |z México | ||
| 650 | |a Turismo - |z Tabasco | ||
| 650 | |a Turismo - |z México | ||
| 650 | |a Pellicer, Carlos | ||
| 700 | |a Dufetel, Dominique |e (guión) | ||
| 700 | |a Lee, Alberto |e (fotógrafo) | ||
| 700 | |a Infante, Gonzalo |e (fotógrafo) | ||
| 700 | |a González, Juan José |e (fotógrafo) | ||
| 700 | |a González, Juan José |e (montaje) | ||
| 700 | |a Cordera, Inti |e (montaje) | ||
| 700 | |a Huertas, Luisa |e (conducción) | ||
| 700 | |a Castillo, Eugenio |e (conducción) | ||
| 910 | |a Fondo General | ||
| 920 | |a Audiovisuales - DVDs | ||
| 905 | |a 302 | ||
| 901 | |a 0500125022 |b IT2 |c DVS |u 20250521 | ||
| 902 | |a https://opac.biblio.iteso.mx/vufind/Record/000187431 | ||